| 000 | 00486nam a2200217Ia 4500 | ||
|---|---|---|---|
| 005 | 20250425162025.0 | ||
| 008 | 250425s9999 xx 000 0 und d | ||
| 020 | _a0070602301 | ||
| 041 | _aspa | ||
| 082 | _a515.9 | ||
| 100 | _aSPIEGEL, MURRAY | ||
| 245 | 0 | _aVARIABLE COMPLEJA | |
| 250 | _a1A ED. | ||
| 260 | _aMEXICO | ||
| 260 |
_aMéxico _bMCGRAW-HILL _c1991 |
||
| 300 | _a318 | ||
| 650 | _aMATEMATICAS | ||
| 650 | _aNUMEROS COMPLEJOS | ||
| 942 | _c01 | ||
| 010 | _a41119 | ||
| 999 |
_c220829 _d220829 |
||